| 000 | 01079pam a2200325 a 4500 | ||
|---|---|---|---|
| 001 | 547861 | ||
| 003 | OSt | ||
| 005 | 20140317085947.0 | ||
| 008 | 880719s1989 maua j 000 1 eng | ||
| 010 | _a 88013478 | ||
| 020 | _a0590440624 | ||
| 040 |
_aDLC _cDLC _dDLC |
||
| 042 | _alcac | ||
| 050 | 0 | 0 |
_aPZ 7 _b.H31115Jam 1991 |
| 100 | 1 |
_aHavill, Juanita. _926947 |
|
| 245 | 1 | 0 |
_aJamaica tag-along / _cJuanita Havill ; illustrations by Anne Sibley O'Brien. |
| 260 |
_aBoston : _bHoughton Mifflin, _c1991. |
||
| 300 |
_bcol. ill. ; _c20 cm. |
||
| 521 | _aG2 | ||
| 526 | _c410 | ||
| 650 | 1 |
_aBrothers and sisters _xFiction. _928317 |
|
| 650 | 1 |
_aFriendship _xFiction. _928318 |
|
| 650 | 1 |
_aPlay _xFiction. _928319 |
|
| 700 | 1 |
_aO'Brien, Anne Sibley, _eill. _928320 |
|
| 856 | 4 | 2 |
_3Publisher description _uhttp://www.loc.gov/catdir/description/hm021/88013478.html |
| 856 | 4 | 2 |
_3Contributor biographical information _uhttp://www.loc.gov/catdir/enhancements/fy0736/88013478-b.html |
| 906 |
_a7 _bcbc _corignew _d1 _eocip _f19 _gy-gencatlg |
||
| 942 |
_2lcc _cBK |
||
| 999 |
_c47457 _d47457 |
||